000 004450000a22001690004500
003 MACL
005 20160102134308.0
008 160102b xxu||||| |||| 00| 0 eng d
040 _aMACL
_cMACL
041 _aEnglish
082 _a618.2/RIO
100 _aRion, Hanna
_927115
245 _aPainless Childbirth in Twilight Sleep
260 _bT Werner Laurie Ltd
_c1915
_aEngland
650 _aMedical Science
_927116
942 _cBK
_k618.2/RIO
_2ddc
999 _c38638
_d38638